000 00722nam a2200157 4500
008 231219b |||||||| |||| 00| 0 eng d
082 _a363.3492
_bAFT
245 _aAfter the big wave : mothers, fathers, children :
_ba study on the coping strategies of widowers, widows, and their children affected by the tsunami in Sri Lanka, conducted in Ampara, Batticaloa, and Galle
260 _aNew Delhi :
_bUNIFEM : Social and Human Resource Development Consultants,
_c2006
300 _a83 p. : col. ill. ; 31 cm.
650 _aIndian Ocean Tsunami
650 _aDisaster victims--Rehabilitation--Sri Lanka
650 _aDisaster victims--Sri Lanka-Psychological aspects
650 _aTsunami relief--Sri Lanka
942 _cRP
999 _c4534
_d4534